Wereldleiders met afbeeldingen - Statistieken

Algemene statistieken
  • Deze quiz is 194 keer genomen
  • De gemiddelde score is 7 van 20
Antwoordstatistieken
Foto Antwoord % Correct
Barack Obama
99%
Vladimir Putin
79%
Angela Merkel
68%
Nelson Mandela
68%
Emmanuel Macron
66%
Theresa May
52%
Justin Trudeau
44%
Paus Franciscus
42%
Fidel Castro
38%
Silvio Berlusconi
32%
Kim Jong-il
30%
Benjamin Netanyahu
26%
Saddam Hussein
26%
Hugo Chávez
15%
Robert Mugabe
12%
Narendra Modi
11%
Lula da Silva
8%
Suharto
4%
King Abdullah
3%
Muammar Kaddafhi
2%
Geen overeenkomende quizzen gevonden
Scoreverdeling
Procent van Mensen met Elke Score
Percentiel versus Aantal Correcte Antwoorden
Uw Scoregeschiedenis
U heeft deze quiz nog niet genomen